| 000 | 00991nam a22003017a 4500 | ||
|---|---|---|---|
| 001 | 4925 | ||
| 003 | FISKH | ||
| 005 | 20250825133522.0 | ||
| 008 | 241025b cb ||||| |||| 00| 0 eng d | ||
| 020 | _a9780590453035 | ||
| 040 |
_aFISKH _beng _cFISKH _dFISKH |
||
| 050 | _aNA7120.D65 | ||
| 082 | _a728 | ||
| 100 |
_aDorros, Arthur _d(1950-) |
||
| 245 |
_aThis is my house / _cWritten and illustrated by Arthur Dorros |
||
| 250 | _a1992 | ||
| 260 |
_aNew York : _bScholastic, _c1992. |
||
| 300 |
_a29 pages : _bcolor illustrations ; _c28 cm |
||
| 505 | _aP | ||
| 520 | _aText and illustrations depict the different types of houses lived in by children all over the world. On each page "This is my house" will appear in the appropriate native language. | ||
| 521 | 8 |
_a610
_bLexile |
|
| 521 | 8 |
_aP
_bRaz-Plus |
|
| 650 |
_2Non-fiction _aFamily |
||
| 650 |
_2Around the world _aSocial studies |
||
| 700 |
_aDorros, Arthur _dIllustrator |
||
| 942 |
_2ddc _cBK _n0 |
||
| 999 |
_c4925 _d4925 |
||